00771nam a2200157Ia 4500008004100000100002300041245012400064245020300188260004900391260000900440300001100449650001300460856004800473999001900521952007300540170221s9999 xx 000 0 und d aZubhi, Ubaidillah. aAnalysis of influences of GDP and ICT on Indonesian industrial structural changes using statistical analysis: 1990-2007 cUbaidillah Zuhdi, Tokyo University of Science, Japan & Institut Teknologi Bandung, Indonesia; Shunsuke Mori, Tokyo University of Science, Japan; Kazuhisa Kamegai, Tokyo University of Science, Japan. bJournal of Management and Marketing Research c2012 a32 : 5 xBusiness uhttp://www.aabri.com/manuscripts/141923.pdf c311231d311231 001040aCLbCLd2017-02-21l0r2017-02-21 00:00:00w2017-02-21yFOJ